[Event "Sukhumi op"]
[Site "Sukhumi"]
[Date "2008.08.05"]
[Round "4"]
[White "Valov, Ilya"]
[Black "Svinarenko, Pavel"]
[Result "1/2-1/2"]
[WhiteElo "2269"]
[BlackElo "2153"]
[PlyCount "122"]
[EventDate "2008.08.03"]
[EventType "swiss"]
[EventRounds "9"]
[EventCountry "GEO"]
[SourceTitle "CBM 126 Extra"]
[Source "ChessBase"]
[SourceDate "2008.11.05"]
[SourceVersion "1"]
[SourceVersionDate "2008.11.05"]
[SourceQuality "1"]

1. d4 d5 2. Nf3 Nf6 3. c4 c6 4. cxd5 cxd5 5. Nc3 Nc6 6. Bf4 e6 7. e3 Bd6 8. Bxd6 Qxd6 9. Bd3 0-0 10. 0-0 Bd7 11. Qe2 Rfd8 12. Rac1 Rac8 13. a3 Be8 14. Rc2 a6 15. Rfc1 Qb8 16. b4 g6 17. Qd1 Kg7 18. Na4 Na7 19. Nb6 Rxc2 20. Qxc2 Qd6 21. Qc5 Qxc5 22. bxc5 Nc6 23. Rb1 e5 24. Bc2 exd4 25. exd4 Ne4 26. Na4 Na5 27. Nb6 Nc3 28. Re1 Nb5 29. Ba4 Bc6 30. Bxb5 axb5 31. Re7 Nc4 32. Ne5 Be8 33. Nexc4 dxc4 34. d5 Bc6 35. d6 c3 36. Re1 c2 37. Rc1 Be4 38. f3 Bf5 39. g4 Bd3 40. Kf2 g5 41. Ke3 Bg6 42. Kd4 h5 43. Kd5 hxg4 44. fxg4 Re8 45. d7 Re2 46. Kd6 Rd2+ 47. Nd5 Be4 48. d8Q Rxd5+ 49. Kc7 Rxd8 50. Kxd8 f5 51. gxf5 Kf6 52. Rf1 Bxf5 53. Kc7 Ke5 54. Kxb7 Kd4 55. c6 Kc4 56. c7 Bg4 57. Rg1 Bd7 58. c8Q+ Bxc8+ 59. Kxc8 Kb3 60. Rc1 Kb2 61. Rxc2+ Kxc2 1/2-1/2

[Event "St Petersburg Chigorin CC-ch"]
[Site "St Petersburg"]
[Date "2008.05.16"]
[Round "4"]
[White "Sheynin, Izrail"]
[Black "Valov, Ilya"]
[Result "1/2-1/2"]
[WhiteElo "2171"]
[BlackElo "2275"]
[PlyCount "74"]
[EventDate "2008.05.13"]
[EventType "swiss"]
[EventRounds "9"]
[EventCountry "RUS"]
[SourceTitle "CBM 124 Extra"]
[Source "ChessBase"]
[SourceDate "2008.07.03"]
[SourceVersion "1"]
[SourceVersionDate "2008.07.03"]
[SourceQuality "1"]

1. e4 Nf6 2. e5 Nd5 3. c4 Nb6 4. d4 d6 5. f4 dxe5 6. fxe5 Nc6 7. Be3 Bf5 8. Nc3 e6 9. Nf3 Nb4 10. Rc1 c5 11. a3 cxd4 12. axb4 dxe3 13. c5 Qxd1+ 14. Rxd1 Nd7 15. Bb5 0-0-0 16. Ke2 Be7 17. Bxd7+ Rxd7 18. Rxd7 Kxd7 19. Rd1+ Kc8 20. Nb5 a6 21. Nd6+ Bxd6 22. exd6 Bg4 23. Kxe3 f6 24. Ra1 Bxf3 25. gxf3 Kd7 26. Kd4 Kc6 27. Kc4 g5 28. Ra5 Ra8 29. b5+ axb5+ 30. Rxb5 Ra7 31. Rb6+ Kd7 32. Kd4 h5 33. h3 Kc8 34. b4 Ra3 35. b5 Ra4+ 36. Kc3 Ra3+ 37. Kc4 Ra4+ 1/2-1/2

[Event "Petrovskaya Ladya op"]
[Site "Peterhof"]
[Date "2008.01.08"]
[Round "6"]
[White "Prokuronov, Eduard"]
[Black "Valov, Ilya"]
[Result "1/2-1/2"]
[WhiteElo "2295"]
[BlackElo "2260"]
[PlyCount "30"]
[EventDate "2008.01.03"]
[EventType "swiss"]
[EventRounds "9"]
[EventCountry "RUS"]
[SourceTitle "CBM 122 Extra"]
[Source "ChessBase"]
[SourceDate "2008.03.04"]
[SourceVersion "1"]
[SourceVersionDate "2008.03.04"]
[SourceQuality "1"]

1. d4 Nf6 2. c4 e6 3. Nf3 b6 4. a3 Bb7 5. Nc3 d5 6. cxd5 Nxd5 7. Qc2 Nxc3 8. Qxc3 Be7 9. Bf4 Bd6 10. Bg5 Be7 11. Bxe7 Qxe7 12. Rc1 c6 13. Ne5 0-0 14. e3 Rc8 15. Be2 Nd7 1/2-1/2

[Event "Petrovskaya Ladya op"]
[Site "Peterhof"]
[Date "2008.01.07"]
[Round "5"]
[White "Valov, Ilya"]
[Black "Fedoseev, Sergey"]
[Result "1/2-1/2"]
[WhiteElo "2260"]
[BlackElo "2184"]
[PlyCount "30"]
[EventDate "2008.01.03"]
[EventType "swiss"]
[EventRounds "9"]
[EventCountry "RUS"]
[SourceTitle "CBM 122 Extra"]
[Source "ChessBase"]
[SourceDate "2008.03.04"]
[SourceVersion "1"]
[SourceVersionDate "2008.03.04"]
[SourceQuality "1"]

1. d4 d5 2. c4 c6 3. Nf3 Nf6 4. Nc3 a6 5. c5 Nbd7 6. Bf4 Nh5 7. Bg5 h6 8. Bh4 g5 9. Bg3 Nxg3 10. hxg3 Bg7 11. e3 Qc7 12. Bd3 e5 13. Bf5 e4 14. Nd2 Nf6 15. Bxc8 Rxc8 1/2-1/2